000 01263naa a2200361 c 4500
001 34084
003 ES-MaCES
005 20150929135543.0
008 040701n2003 sp t o000 | spa d
035 _aCES20040003597v
040 _aES-MaCES
_bspa
_cES-MaCES
041 0 _aspa
_aeng
100 1 _aGracia Andía, Ana Belén
_914012
245 1 3 _aLa contribución ibérica a la creación de comercio comunitario
_cAna Belén Gracia Andía, Marcela Sabaté Sort
500 _aResumen en español e inglés
504 _aBibliografía: p. 135-137
650 4 _amodelo económico
_927074
650 4 _aanálisis económico
_927070
650 4 _a1990-1999
_930874
650 4 _aPortugal
_926960
650 4 _aEspaña
_926964
650 4 _aconsecuencias económicas
_927082
650 4 _aintegración económica
_927962
650 4 _aMercado Unico Europeo
_930652
650 4 _acomercio
_927943
653 1 0 _aComercio internacional
650 4 _926752
_aUE
700 1 _aSabaté Sort, Marcela
_922953
773 0 _tRevista de economía aplicada
_gvol. 11, n. 33 (invierno 2003){10269 R. 056372}; p. 121-137
_w(ES-MaCES)25282
_947325
902 _aART Artículo de revista
942 _2CES
_cAR
_h0.0.
999 _c34084
_d34084